Largest Cities in Asia Beginning With 'P' - Statistics

General Stats
  • This quiz has been taken 192 times
  • The average score is 6 of 18
Answer Stats
# Population Country Answer % Correct
2 2,975,000 North Korea Pyongyang
100%
4 2,750,000 Cambodia Phnom Penh
94%
1 7,550,000 India Pune
90%
5 2,600,000 Pakistan Peshawar
71%
3 2,850,000 India Patna
66%
7 1,740,000 Indonesia Palembang
65%
10 1,090,000 Indonesia Pekanbaru
28%
9 1,539,389 China Pútián
28%
6 1,980,000 China Pingdingshan
16%
16 657,209 India Puducherry
16%
13 799,750 Indonesia Padang
15%
17 554,764 Indonesia Pontianak
14%
8 1,600,000 China Puyang
12%
14 733,839 China Pingxiang
8%
11 1,010,000 China Panjin
7%
12 850,815 China Pizhou
4%
15 686,063 China Pānzhīhuā
3%
18 519,957 China Píngdù
1%
No matching quizzes found
Score Distribution
Percent of People with Each Score
Percentile by Number Answered
Your Score History
You have not taken this quiz